| 000 | 00945nam a2200313 4500 | ||
|---|---|---|---|
| 999 |
_c2773 _d2773 |
||
| 006 | a||||go||d| 00| 0 | ||
| 007 | cr ||||||||||| | ||
| 008 | 861201s1984 enka o 001 0 eng d | ||
| 020 |
_a9780408011365 _c(ebook) |
||
| 040 |
_aKO _beng |
||
| 044 | _aenk | ||
| 082 | 0 | 0 |
_a623.87236 _219 |
| 100 | 1 |
_aPounder, C. Coulson _q(Cuthbert Coulson) |
|
| 240 | 1 | 0 | _aMarine diesel engines |
| 245 | 1 | 0 |
_aPounder's Marine diesel engines / _c[edited by] C.T. Wilbur, D.A. Wight. |
| 250 | _a6th ed. | ||
| 260 |
_aLondon : _bButterworths, _c1984. |
||
| 300 | _a1 online resource | ||
| 440 | 0 | _aMarine engineering series | |
| 500 | _aIncludes index. | ||
| 504 | _aIncludes bibliography. | ||
| 650 | 0 | _aMarine diesel motors. | |
| 700 | 1 |
_aWilbur, C. T. _q(Christopher T.) |
|
| 700 | 1 |
_aWight, D. A. _q(Donald Alexander) |
|
| 856 | 4 | 0 | _uhttps://www.sciencedirect.com/science/book/9780408011365 |
| 904 | _aA_BOSE | ||
| 942 | _cEB | ||